Statistics for Countries with the most usable land

Click here to take the quiz!

General Stats

  • This quiz has been taken 15 times
  • The average score is 23 of 25

Answer Stats

LandAnswer% Correct
39,200,000Argentina
100%
46,048,000Australia
100%
80,976,000Brazil
100%
118,900,000China
100%
156,463,000India
100%
23,500,000Indonesia
100%
14,687,000Iran
100%
22,562,000Mexico
100%
16,800,000Niger
100%
34,000,000Nigeria
100%
123,121,820Russia
100%
20,381,000Turkey
100%
152,262,500United States Of America
100%
43,766,000Canada
93%
18,355,919France
93%
11,763,000Germany
93%
29,395,000Kazakhstan
93%
12,500,000South Africa
93%
12,337,179Spain
93%
16,810,000Thailand
93%
32,776,000Ukraine
86%
15,119,000Ethiopia
79%
31,040,000Pakistan
79%
19,823,160Sudan
71%
13,500,000Tanzania
64%

Score Distribution

Percentile by Number Answered

Percent of People with Each Score

Your Score History

You have not taken this quiz